000 00285nam a2200133Ia 4500
100 _aLenk/ John
942 _cBK
654 _avideo
245 _aVideo disc player troubleshooting
260 _bPrentice Hall
_c1985
082 _a621.388
_bLEN
300 _a192
546 _aENGLISH
999 _c29746
_d29746